000 01076nam a2200313 i 4500
003 EG-GICUC
005 20260422080454.0
008 260422s1975 fr a|||fr|||| 000 0 eng d
020 _a2.233.00015-3
040 _aEG-GiCUC
_bfre
_cEG-GiCUC
_dEG-GiCUC
_eRda
041 0 _afre
082 0 4 _221
_a343
_bAN . A
092 0 4 _221
099 _aLaw1 10 343 AN . A 1975
100 1 _aANCEL, Marc
_eAuteur
245 1 0 _aAspects Nouveaux De La Pensée Juridique:
_bRecueil D'études En Hommage À Marc Ancel.
_nII,
_pÉtudes De Science Pénale Et De Politique Criminelle/
_cMarc Ancel.
264 _aParis:
_bEditions A. Pedone,
_c1975.
300 _a491 page :
_billustration ;
_c 24 cm.
336 _2rda contenu
_a texte
337 _2rda medias
_aOrdinateur
338 _2 transporteur rda
_a Ressource en ligne
504 _aComprend des références bibliographiques.
546 _aTexte en français
650 1 _aDroit pénal
_2qrmak
651 1 _2qrmak
856 4 0 _uhttps://fll.law.cu.edu.eg/fulltext/bks/B10-10843.pdf
905 _a158
942 _2ddc
_n0
_cBK
_e21
999 _c72767
_d72767